Zawodnicy MMA-VIP (1-4) - Statystyki

Ogólne statystyki
  • Ten quiz został rozwiązany 128 razy
  • Średni wynik to 19 z 64
Statystyki odpowiedzi
Zawodnicy % Poprawnych
Marcin „El Testosteron” Najman
91%
Marcin „El Testosteron" Najman
91%
Szymon „Taxi Złotówa” Wrzesień
77%
Szymon „Taxi Złotówa” Wrzesień
77%
Mirosław „Misiek z Nadarzyna" Dąbrowski
71%
Ryszard „Szczena” Dąbrowski
68%
Dariusz „Daro Lew” Kaźmierczuk
67%
Dariusz „Daro Lew” Kaźmierczuk
65%
Ryszard „Szczena” Dąbrowski
62%
Tomasz „Prince” Chic
60%
Tomasz „Prince" Chic
60%
Alan „Psychotrop” Gruchała
56%
Andrzej „Żurom” Żuromski
56%
Andrzej „Żurom" Żuromski
56%
Michał „Polski Ken” Przybyłowicz
54%
Michał „Polski Ken" Przybyłowicz
54%
Adrian Cios
48%
Piotr „Bonus BGC" Witczak
46%
Piotr „Mua Boy” Lisowski
46%
Piotr „Mua Boy" Lisowski
46%
Krystian „Młody Pudzian” Pudzianowski
40%
Michał „Wampir” Pasternak
40%
Michał „Wampir" Pasternak
40%
Rafał „Antykonfident” Podejma
40%
Maciej „GSP” Gandziarowski
33%
Maciej „GSP" Gandziarowski
33%
Mateusz „Rolnik” Kisiel
32%
Tomasz „Fit Dzik” Łomnicki
32%
Marcin „El Testosteron” Najman
31%
Marek Molak
27%
Damian Nagana
26%
Kacper „Polish Machine” Miklasz
25%
Kacper „Polish Machine" Miklasz
25%
Krystian „Krycha UFC" Wilczak
24%
Wojciech „Kazik Klimat Kartel” Ochnicki
24%
Adrian Cios
21%
Rafał „Wojownik" Jackiewicz
20%
Wiktoria „Domża” Domżalska
18%
Kornel „Korniko” Zapadka
12%
Remigiusz „Remi” Gruchała
12%
Sebastian Tronina
12%
Dominik Tyman
10%
Oliwier „Detailer” Gajewski
10%
Urszula „ArmPowerGirl” Siekacz
10%
Paulina „Paris" Jarkulisz
9%
Kamil Wieczorek
6%
Mateusz „Rolnik Zabijacz” Kisiel
5%
Paweł „Scarface” Jendruczko
5%
Roman „Bosski Roman" Lachowolski
5%
Daniel Kaczmarek
4%
Dominik „Guma” Tyman
4%
Edward Mazur
4%
Kamil „Gmosek” Gmosiński
4%
Marcin „Rex” Rekowski
4%
Oliwia Sadkowska
4%
Patryk „Gołota” Kowoll
4%
Piotr „Henio” Szczygieł
4%
Przemysław „The Spartan” Opalach
4%
Tomas Vaicickas
4%
Krystian „Kiki” Stefanów
3%
Sebastian „Pikuś” Tronina
3%
Adrian Sulikowski
2%
Konrad Cyrankowski
2%
Krystian Rosa
2%
Nie znaleziono quizów pasujących do podanych kryteriów
Rozkład punktacji
Procent ludzi z każdym wynikiem
Percentyl według liczby udzielonych odpowiedzi
Twoja historia wyników
Nie rozwiązałeś tego quizu